Human Resource Management Concept,Policies and Practices/ (Record no. 171665)

MARC details
000 -LEADER
fixed length control field 00619nam a2200181 4500
005 - DATE AND TIME OF LATEST TRANSACTION
control field 20210212163533.0
010 ## - LCCN (DPL NO)
LC control number ENG-127451
020 ## - INTERNATIONAL STANDARD BOOK NUMBER
International Standard Book Number 9789382730453
Terms of availability 1095.00
035 ## - SYSTEM CONTROL NUMBER
System control number EN-110983
037 ## - SOURCE OF ACQUISITION
Source of stock number/acquisition DBAD/PUB
082 ## - DEWEY DECIMAL CLASSIFICATION NUMBER
Classification number 658.3
100 ## - MAIN ENTRY--PERSONAL NAME
Personal name Deshmukh,Prakash
245 ## - TITLE STATEMENT
Title Human Resource Management Concept,Policies and Practices/
Statement of responsibility, etc by Prakash Deshmukh
260 ## - PUBLICATION, DISTRIBUTION, ETC. (IMPRINT)
Place of publication, distribution, etc Kanpur
Name of publisher, distributor, etc Garima Prakashan
Date of publication, distribution, etc 2017
270 ## - ADDRESS
Address 1st floor, Shivram Kripa'.Mayur Park,Basant Vihar Naubasta, Kanpur-21
City Kanpur
Postal code 208021
Electronic mail address garima.prakashan@gmail.com
300 ## - PHYSICAL DESCRIPTION
Extent 240p.
Dimensions 24cm(hb)
942 ## - ADDED ENTRY ELEMENTS (KOHA)
Source of classification or shelving scheme Dewey Decimal Classification
Item type English Books
Classification part 658.3
Call number suffix DES
Holdings
Withdrawn status Lost status Not for loan Collection code Home library Current library Date acquired Source of acquisition Cost, normal purchase price Full call number Barcode Copy number Cost, replacement price Koha item type
      Non-fiction Sarojini Nagar Sarojini Nagar 17/01/2020 DBAD/PUB 1095.00 658.3 DES EN-110983 1 1095.00 English Books

© Delhi Public Library
Hit Counter
free hit counter